000 00372nam a2200133Ia 4500
005 20260326100035.0
008 260326s9999||||xx |||||||||||||| ||und||
100 _aStohr, Walter B
245 0 _aEl Desarrollo Regional en América Latina , Experiencias y perpestivas /
_cWalter B Stohr
260 _bEdiciones SIAP
300 _a244 p.
650 _aURBANISMO
942 _cBK
999 _c6768
_d6768